| 000 | 00673nam a22002297a 4500 | ||
|---|---|---|---|
| 003 | OSt | ||
| 005 | 20131008084739.0 | ||
| 008 | 130911b xxu||||| |||| 00| 0 eng d | ||
| 020 | _a968-15-0441-0 | ||
| 040 |
_aBMC _cBMC |
||
| 082 | _a001.42 | ||
| 082 | _a010.44 | ||
| 082 | _a808.066 | ||
| 100 | 1 | 0 |
_93263 _aBaena Paz, Guillermina |
| 245 | 1 | 0 |
_aManual para elaborar trabajos de investigación documental _cGuillermina Baena |
| 260 |
_aMéxico, D.F. _bEditores Mexicanos Unidos _c1991 |
||
| 300 |
_a124 p. _c22 cm |
||
| 650 | 2 | 4 |
_9168 _aInvestigación _xMetodología |
| 650 | 2 | 4 |
_93384 _aBúsqueda bibliográfica |
| 650 | 2 | 4 |
_93370 _aEscritos científicos |
| 942 |
_2ddc _cBK |
||
| 999 |
_c2005 _d2005 |
||